Từ điển kỹ thuật điện Anh - Việt = Dictionarye of electrical engineering English - Vietnamese
Spremljeno u:
| Glavni autor: | |
|---|---|
| Format: | Knjiga |
| Jezik: | Undetermined |
| Izdano: |
Hà Nội
Xây Dựng
1999
|
| Teme: | |
| Oznake: |
Dodaj oznaku
Bez oznaka, Budi prvi tko označuje ovaj zapis!
|
| Thư viện lưu trữ: | Trung tâm Học liệu Trường Đại học Cần Thơ |
|---|
| LEADER | 00676nam a2200217Ia 4500 | ||
|---|---|---|---|
| 001 | CTU_65082 | ||
| 008 | 210402s9999 xx 000 0 und d | ||
| 020 | |b 34000 | ||
| 082 | |a 621.303 | ||
| 082 | |b D300 | ||
| 100 | |a Phan Văn Di | ||
| 245 | 0 | |a Từ điển kỹ thuật điện Anh - Việt = | |
| 245 | 0 | |b Dictionarye of electrical engineering English - Vietnamese | |
| 245 | 0 | |c Phan Văn Di, Võ Khắc Thành và Phạm Văn Bảy | |
| 260 | |a Hà Nội | ||
| 260 | |b Xây Dựng | ||
| 260 | |c 1999 | ||
| 650 | |a electric engineering | ||
| 650 | |x dictionaries | ||
| 904 | |i Minh | ||
| 980 | |a Trung tâm Học liệu Trường Đại học Cần Thơ | ||